Fundamentals of Advanced Accounting. (Record no. 1265)

MARC details
005 - DATE AND TIME OF LATEST TRANSACTION
control field 20250627080133.0
020 ## - INTERNATIONAL STANDARD BOOK NUMBER
International Standard Book Number 978-0-07-299192-5
082 ## - DEWEY DECIMAL CLASSIFICATION NUMBER
Classification number 657 HOY
100 ## - MAIN ENTRY--PERSONAL NAME
Author name HOYLE, J.B.
245 ## - TITLE STATEMENT
Title Fundamentals of Advanced Accounting.
250 ## - EDITION STATEMENT
Edition statement 2nd Ed.
260 ## - PUBLICATION, DISTRIBUTION, ETC.
Place of publication, distribution, etc. New York,
Name of publisher, distributor, etc. Mcgraw- Hill Irwin,
Date of publication, distribution, etc. 2007.
300 ## - PHYSICAL DESCRIPTION
Extent xvii,618p.:Ill.;figures.
Other physical details Index.
Dimensions 25cm.
700 ## - ADDED ENTRY--PERSONAL NAME
Other authors/Editors SCHAEFER, T. F. & DOUPNIK, T.S.
856 ## - ELECTRONIC LOCATION AND ACCESS
Link text Access Online Book
Electronic name Fundamentals of Advanced Accounting
Path www.mhhe.com
942 ## - ADDED ENTRY ELEMENTS (KOHA)
Source of classification or shelving scheme Dewey Decimal Classification
Koha item type Books
Holdings
Date last seen Total checkouts Full call number Barcode Cost, replacement price Price effective from Koha item type Lost status Source of classification or shelving scheme Damaged status Not for loan Withdrawn status Home library Current library Shelving location Date acquired Cost, normal purchase price
06/27/2025   657.046 HOY DOM0002364 315000.00 06/27/2025 Books   Dewey Decimal Classification       CBE Dodoma CBE Dodoma General Collection 05/26/2015 105000.00
06/27/2025   657.046 HOY DOM0002365 315000.00 06/27/2025 Books   Dewey Decimal Classification       CBE Dodoma CBE Dodoma General Collection 05/26/2015 105000.00
06/27/2025   657.046 HOY DOM0002366 315000.00 06/27/2025 Books   Dewey Decimal Classification       CBE Dodoma CBE Dodoma General Collection 05/26/2015 105000.00
06/27/2025   657.046 HOY DOM0002367 315000.00 06/27/2025 Books   Dewey Decimal Classification       CBE Dodoma CBE Dodoma General Collection 05/26/2015 105000.00
06/27/2025   657.046 HOY DOM0002368 315000.00 06/27/2025 Books   Dewey Decimal Classification       CBE Dodoma CBE Dodoma General Collection 05/26/2015 105000.00
06/27/2025   657.046 HOY DOM0002398 315000.00 06/27/2025 Books   Dewey Decimal Classification       CBE Dodoma CBE Dodoma General Collection 05/26/2015 105000.00
04/10/2025   657 HOY 0000004975 315000.00 04/10/2025 Books   Dewey Decimal Classification       College of Business Education Main Library College of Business Education Main Library General Collection 04/10/2025 105000.00
04/10/2025   657 HOY 0000004976 315000.00 04/10/2025 Books   Dewey Decimal Classification       College of Business Education Main Library College of Business Education Main Library General Collection 04/10/2025 105000.00
04/10/2025   657 HOY 0000004977 315000.00 04/10/2025 Books   Dewey Decimal Classification       College of Business Education Main Library College of Business Education Main Library General Collection 04/10/2025 105000.00
04/10/2025   657 HOY 0000004978 315000.00 04/10/2025 Books   Dewey Decimal Classification       College of Business Education Main Library College of Business Education Main Library General Collection 04/10/2025 105000.00